[Event "ch-ROM"]
[Site "Lasi ROM"]
[Date "1999.12.22"]
[Round "10"]
[White "Parligras,M"]
[Black "Istrate,B"]
[Result "1-0"]
[WhiteElo "2377"]
[BlackElo "2277"]

1.e4 c5 2.Nf3 Nc6 3.d4 cxd4 4.Nxd4 Qc7 5.Nc3 e6 6.Be3 a6 7.Bd3 Nf6 8.O-O Ne5
9.Nf3 Neg4 10.Bd2 Bc5 11.Qe2 d6 12.Na4 Ba7 13.c4 Nd7 14.Rac1 Nde5 15.Nxe5 Nxe5
16.Kh1 O-O 17.f4 Nxd3 18.Qxd3 Bd7 19.Nc3 Qc5 20.e5 Qd4 21.Qxd4 Bxd4 22.exd6 Rac8
23.Ne2 Bc5 24.Rfd1 Rfd8 25.f5 e5 26.b4 Bxd6 27.Bg5 Ba4 28.Bxd8 Bxd1 29.Rxd1 Rxd8
30.Nc3 Be7 31.Rxd8+ Bxd8 32.g4 Kf8 33.Kg2 Ke7 34.Kf3 Kd6 35.Ke4 f6 36.Kd3 Kc6
37.c5 b6 38.cxb6 Bxb6 39.Kc4 Bd4 40.Ne4 Bg1 41.h3 Be3 42.a4 Bg1 43.g5 fxg5
44.Nxg5 Kd6 45.Nxh7 e4 46.f6 gxf6 47.Nxf6 Ke5 48.Nd5 Ba7 49.Nc7 Kf4 50.Nxa6 e3
51.b5 e2 52.Nb4 e1=N 53.a5 Bg1 54.b6 Nf3 55.Nc6 Nd2+ 56.Kb4 Ne4 57.b7 Bc5+
58.Ka4 Bd6 59.b8=Q Nc3+ 60.Kb3 Bxb8 61.Nxb8 Nb5 62.a6 Kg3 63.Kb4 Na7 64.Kc5 Kxh3
65.Kb6 Nc8+ 66.Kc7 Na7 67.Nc6 Nb5+ 68.Kb6 Nd6 69.Ne7  1-0

[Event "ch-ROM"]
[Site "Lasi ROM"]
[Date "1999.12.25"]
[Round "13"]
[White "Berescu,A"]
[Black "Dumitrache,D"]
[Result "1/2-1/2"]
[WhiteElo "2386"]
[BlackElo "2439"]

1.e4 c5 2.Nf3 Nc6 3.d4 cxd4 4.Nxd4 Qc7 5.Nc3 e6 6.Be3 a6 7.Bd3 Nf6 8.O-O Ne5
9.Nf3 d6 10.a4 b6 11.Nd2 Be7 12.Be2  1/2-1/2

[Event "Young Masters"]
[Site "Groningen NED"]
[Date "1999.12.26"]
[Round "7"]
[White "Florath,P"]
[Black "Payen,A"]
[Result "1-0"]
[WhiteElo "2284"]
[BlackElo "2373"]

1.e4 c5 2.Nf3 Nc6 3.d4 cxd4 4.Nxd4 Qb6 5.Nb3 Nf6 6.Nc3 e6 7.Be3 Qc7 8.g3 a6
9.a4 b6 10.Bg2 Bb7 11.O-O Be7 12.Qe2 d6 13.Rad1 O-O 14.f4 Nb4 15.Rd2 Rac8
16.h3 Rfd8 17.Qf2 Nd7 18.g4 Nc5 19.Nd4 Qd7 20.g5 Bf8 21.h4 Nxa4 22.Nxa4 Qxa4
23.c3 d5 24.cxb4 dxe4 25.Rc2 Qxb4 26.Rxc8 Rxc8 27.h5 g6 28.h6 a5 29.Rd1 a4
30.Qd2 Qc4 31.Bf1 Qd5 32.Rc1 e5 33.Rxc8 Bxc8 34.Ne2 Qe6 35.fxe5 Qxe5 36.Qd4 Qe6
37.Bg2 f5 38.Nf4 Qd7 39.Bf1 b5 40.Nd5 Kf7 41.Qf6+ Kg8 42.Qe5 Qd6 43.Nf6+ Kh8
44.Qxd6 Bxd6 45.Bd4  1-0

[Event "Challengers"]
[Site "Hastings ENG"]
[Date "1999.12.29"]
[Round "1"]
[White "Van der Linden,Be"]
[Black "Annakov,B"]
[Result "0-1"]
[WhiteElo "2290"]
[BlackElo "2600"]

1.e4 c5 2.Nf3 Nc6 3.d4 cxd4 4.Nxd4 Qb6 5.Nb3 Nf6 6.Nc3 e6 7.Be3 Qc7 8.a3 d6
9.Be2 a6 10.O-O Be7 11.f4 O-O 12.Qe1 Re8 13.Qg3 Bf8 14.Kh1 b5 15.Bd3 Bb7
16.Nd4 Rac8 17.Nxc6 Bxc6 18.e5 Nh5 19.Qg4 g6 20.Bd4 Qb7 21.f5 exf5 22.Bxf5 Rc7
23.e6 Bg7 24.Bxg7 Nxg7 25.Ne4 Nxf5 26.Nf6+ Kf8 27.Rxf5 gxf5 28.Qg8+ Ke7 29.Nxe8 Bxg2+
30.Kg1 Qb6+ 31.Kxg2 Rxc2+ 32.Kh1 Qc6+ 33.Kg1 Qc5+  0-1

[Event "Athens op"]
[Site "Athens"]
[Date "1999.??.??"]
[Round "3"]
[White "Brankovic, Dejan"]
[Black "Grivas, Efstratios"]
[Result "1/2-1/2"]
[WhiteElo "2404"]
[BlackElo "2528"]

1.e4 c5 2.Nf3 Nc6 3.d4 cxd4 4.Nxd4 Qb6 5.Nb3 Nf6 6.Nc3 e6 7.Bd3 d6 8.Be3 Qc7
9.f4 a6 10.Qf3 Be7 11.O-O O-O 12.g4 b5 13.Qh3 Nd7 14.e5 g6 15.exd6 Bxd6 16.Ne4 Be7
17.f5 exf5 18.gxf5 Nf6 19.Bh6 Rd8 20.Qg2 Qb6+ 21.Kh1 Ne5 22.fxg6 hxg6 23.Nxf6+ Bxf6
24.Be4 Ra7 25.Rxf6 Qxf6 26.Bg5 Qd6 27.Bxd8 Qxd8 28.c3 Qh4 29.Bd5 Bh3 30.Qg3 Qxg3
31.hxg3 Rd7 32.Bg2 Bg4 33.a4 bxa4 34.Nd4 Nc4 35.Rxa4 Nxb2 36.Rxa6 Nd1 37.Ra3 Re7
38.c4 Re1+ 39.Kh2 Ne3 40.c5 Nxg2 41.Kxg2 Rd1 42.Ra4 Rc1  1/2-1/2

[Event "Athens op"]
[Site "Athens"]
[Date "1999.??.??"]
[Round "5"]
[White "Sax, Gyula"]
[Black "Miladinovic, Igor"]
[Result "0-1"]
[WhiteElo "2524"]
[BlackElo "2501"]

1.e4 c5 2.Nf3 Nc6 3.d4 cxd4 4.Nxd4 Qc7 5.Nc3 e6 6.Be3 a6 7.Bd3 Nf6 8.Qe2 Bd6
9.O-O-O Be5 10.Nxc6 dxc6 11.Na4 Nd7 12.Qd2 Bd6 13.f4 e5 14.Bc4 Be7 15.Qf2 b5
16.Nb6 Nxb6 17.Bxb6 Qb8 18.Bc5 Qb7 19.Bb3 exf4 20.Bxe7 Qxe7 21.Qxf4 O-O 22.Rd6 c5
23.Bd5 Bb7 24.Rd1 Rae8 25.e5 Bc8 26.Rf1 Be6 27.Bc6 Rc8 28.a3 b4 29.axb4 cxb4
30.b3 a5 31.Kb2 h6 32.Qd4 Rc7 33.Ra1 Rfc8 34.Be4 Rc5 35.Bd3 Qg5 36.Re1 g6
37.Re3 Qxg2 38.Rd8+ Kg7 39.Rxc8 Rxc8 40.Rg3 Qd2 41.Qd6 Qc3+ 42.Kb1 Qe1+ 43.Kb2 g5
44.Rg2 Qc3+ 45.Kb1 Rc6 46.Qd8 Qe1+ 47.Ka2 Qxe5 48.Re2 Qc3 49.Bb5 Rc5  0-1

[Event "BRA-ch U20"]
[Site "Brasilia"]
[Date "1999.??.??"]
[Round "4"]
[White "Camara, Henrique"]
[Black "Constantino, Fernando"]
[Result "0-1"]
[WhiteElo "1825"]
[BlackElo "1875"]

1.e4 c5 2.Nf3 Nc6 3.d4 cxd4 4.Nxd4 Qc7 5.Nc3 e6 6.Ndb5 Qb8 7.a4 a6 8.Na3 Bc5
9.Nc4 Ne5 10.Qh5 d6 11.Nxe5 dxe5 12.Qg5 g6 13.Be2 Qc7 14.O-O Bd7 15.Nd1 Bf8
16.c3 Bg7 17.Qh4 Bc6 18.f3 Ne7 19.Be3 h6 20.Qf2 O-O 21.Bb6 Qd7 22.a5 Ba4
23.Ne3 Nc8 24.Nc4 Bb5 25.Rad1 Qc6 26.Bc5 Bxc4 27.Bxc4 Re8 28.Rd2 Qa4 29.Bb4 Qc6
30.b3 Ne7 31.Rfd1 Bf8 32.Rd6 Qc8 33.Rd7 Nd5 34.Bxf8 Kxf8 35.Rd6 Qc7 36.exd5 Qxd6
37.Qh4 Kg7 38.Rd3 Rad8 39.b4 Qc7 40.Bb3 b6 41.Qc4 Qxc4 42.Bxc4 b5 43.Bb3 Rd6
44.c4 bxc4 45.Bxc4 Red8 46.Rb3 exd5 47.Be2 Rb8 48.Kf2 d4 49.Ke1 Rc6 50.Kd2 f5
51.Bd3 Kf6 52.g4 Kg5 53.h3 Kf4 54.gxf5 gxf5 55.h4 e4 56.Be2 d3  0-1

[Event "Cannes op"]
[Site "Cannes"]
[Date "1999.??.??"]
[Round "2"]
[White "Acher, Mathieu"]
[Black "Gofshtein, Leonid D"]
[Result "1/2-1/2"]
[WhiteElo "2232"]
[BlackElo "2517"]

1.e4 c5 2.Nf3 Nc6 3.d4 cxd4 4.Nxd4 Qc7 5.Nc3 e6 6.Be3 a6 7.Be2 b5 8.Nxc6 dxc6
9.a4 b4 10.Nb1 Nf6 11.Nd2 c5 12.Bf3 Bb7 13.Qe2 Be7 14.O-O O-O 15.Bg5 Qe5
16.Bxf6 Bxf6 17.Nc4 Qc7 18.e5 Bxf3 19.gxf3 Be7 20.f4 Kh8 21.Qe4 f6 22.Rad1 Rae8
23.Rd3 f5 24.Qf3 Rd8 25.Rfd1 Rd4 26.b3 Rfd8 27.Rxd4 cxd4 28.Rd3 Rd5 29.Qh5 Qd8
30.Kf1 g6 31.Qh6 Qe8 32.Ke2 Qf7 33.Kf3 Qg7 34.Qxg7+ Kxg7  1/2-1/2

[Event "Cannes"]
[Site "Cannes"]
[Date "1999.??.??"]
[Round "3"]
[White "Dichev, Nedelcho"]
[Black "Lukov, Valentin"]
[Result "0-1"]
[WhiteElo "2203"]
[BlackElo "2439"]

1.e4 c5 2.Nf3 Nc6 3.d4 cxd4 4.Nxd4 Qc7 5.Nc3 e6 6.Nb3 Nf6 7.g3 a6 8.Bg2 d6
9.O-O Be7 10.a4 b6 11.f4 Bb7 12.g4 h6 13.Be3 Nd7 14.Rf2 g5 15.fxg5 hxg5 16.h3 Nde5
17.Ne2 Nc4 18.Bc1 Rd8 19.Qf1 N6e5 20.Ng3 d5 21.Nh5 dxe4 22.Ng7+ Kd7 23.Rxf7 Nxf7
24.Qxf7 Kc8 25.Bxg5 Bc5+  0-1

[Event "Ceske Budejovice op"]
[Site "Ceske Budejovice"]
[Date "1999.??.??"]
[Round "6"]
[White "Vaculik, Martin"]
[Black "Vokac, Marek"]
[Result "0-1"]
[WhiteElo "2150"]
[BlackElo "2490"]

1.e4 c5 2.Nf3 Nc6 3.d4 cxd4 4.Nxd4 Qb6 5.Nb3 Nf6 6.Nc3 e6 7.Be3 Qc7 8.f4 d6
9.Be2 Be7 10.O-O O-O 11.Bf3 a6 12.a4 b6 13.g4 Nd7 14.Kh1 Rb8 15.g5 Re8 16.Qe2 Bf8
17.h4 Nb4 18.h5 Bb7 19.Rae1 Rbc8 20.Bg2 e5 21.f5 d5 22.exd5 e4 23.Bf4 Bd6
24.Bxd6 Qxd6 25.Nxe4 Qxd5 26.c4 Qxc4 27.Qxc4 Rxc4 28.Nd6 Bxg2+ 29.Kxg2 Rc2+
30.Kg3 Rf8 31.g6 fxg6 32.hxg6 hxg6 33.fxg6 Rxf1 34.Rxf1 Nf8 35.Nd4 Rd2 36.N4f5 Nxg6
37.Nc4 Rd3+ 38.Rf3 b5 39.axb5 axb5 40.Rxd3 Nxd3 41.Na3 b4 42.Nc2 Nge5 43.Nxg7 Kxg7
44.Nxb4 Nxb4 45.Kf4 Kf6 46.b3 Ned3+ 47.Ke4 Ke6 48.Kd4 Kf5 49.Ke3 Ke5 50.Kf3 Nf4
51.Ke3 Nfd5+ 52.Kf3 Kf5 53.Kg3 Nf6 54.Kf3 Ng4 55.Ke2 Ke4 56.Kd2 Kd4 57.Ke2 Ne5
58.Kd2 Nf3+ 59.Ke2 Ke4 60.Kf2 Nd4 61.Kg3 Kf5 62.Kf2 Kf4 63.Kg2 Nf5 64.Kf2 Ng3
65.Kg2 Ne4 66.Kh3 Kg5 67.Kg2 Kg4 68.Kf1 Kf3 69.Ke1 Ng3 70.Kd2 Ne2 71.Ke1 Ke3
72.Kf1 Nf4 73.Ke1 Ng2+ 74.Kd1 Kd3 75.Kc1 Ne3 76.Kb2 Nec2 77.Kc1 Ke2 78.Kb1 Na3+
79.Kb2 Nb5 80.Kc1 Ke1 81.Kb1 Kd2 82.Kb2 Nd3+ 83.Ka2 Kc2  0-1

[Event "Dresden op"]
[Site "Dresden"]
[Date "1999.??.??"]
[Round "?"]
[White "Zagrebelny, Sergey"]
[Black "Wilhelmi, Christian"]
[Result "1/2-1/2"]
[WhiteElo "2520"]
[BlackElo "2410"]

1.e4 c5 2.Nf3 Nc6 3.d4 cxd4 4.Nxd4 Qc7 5.Nc3 e6 6.g3 a6 7.Bg2 Nge7 8.Nb3 Ng6
9.O-O Be7 10.f4 O-O 11.e5 d6 12.exd6 Bxd6 13.Ne4 Be7 14.Qe2 b6 15.Be3 Rb8
16.c4 Rd8 17.Rac1 Bb7 18.Qf2 Ba8 19.a3 Bf8 20.Nc3 Na5 21.Nxa5 Bxg2 22.Qxg2 bxa5
23.Qe2 Rb6 24.Rfd1 Rc8 25.Ne4 Qb7 26.Bd4 h6 27.Qc2 Qb8 28.Nd2 Rb7 29.f5 exf5
30.Qxf5 Rd8 31.Nf3 Rbd7 32.Rd2 Ne7 33.Qe4 Ng6 34.c5 Re8 35.Qd3 Qc8 36.c6 Rc7
37.Rdc2 Re6 38.Qc4 Rexc6 39.Qxc6 Rxc6 40.Rxc6 Qf5 41.Kg2 Qe4 42.R6c2 Ne7
43.Rd2 Nf5 44.Re1 Qc6 45.Re5 Nd6 46.Rde2 Nc4 47.Re8 Nd6 48.Rb8 Qc7 49.Rb6 Qc4
50.Re1 Qc2+ 51.Kg1 Qd3 52.Kg2 Qc2+ 53.Kg1 Qd3 54.Kg2  1/2-1/2

[Event "Eger Agria op"]
[Site "Eger"]
[Date "1999.??.??"]
[Round "?"]
[White "Hajnal, Zoltan"]
[Black "Kerek, Krisztian"]
[Result "1/2-1/2"]
[WhiteElo "2300"]
[BlackElo "2370"]

1.e4 c5 2.Nf3 Nc6 3.d4 cxd4 4.Nxd4 Qc7 5.Nc3 e6 6.Be3 a6 7.Bd3 Nf6 8.O-O d6
9.f4 Be7 10.Qf3 O-O 11.Rae1 Re8 12.Kh1 e5 13.Nxc6 bxc6 14.fxe5 dxe5 15.Bc4 Rb8
16.Qg3 Be6 17.Bxe6  1/2-1/2

[Event "FRA-ch U20"]
[Site "FRA"]
[Date "1999.??.??"]
[Round "?"]
[White "Roser, Kevin"]
[Black "Fressinet, Laurent"]
[Result "1/2-1/2"]
[WhiteElo "2319"]
[BlackElo "2424"]

1.e4 c5 2.Nf3 Nc6 3.d4 cxd4 4.Nxd4 Qc7 5.Nc3 e6 6.Be2 a6 7.O-O Nf6 8.Be3 Bb4
9.Na4 Be7 10.Nxc6 bxc6 11.Nb6 Rb8 12.Nxc8 Qxc8 13.Bd4 c5 14.Be5 Rb6 15.b3 Nxe4
16.Bxg7 Rg8 17.Be5 Bf6 18.Bxf6 Nxf6 19.Bd3 Qc6 20.f3 Rb4 21.c4 Ke7 22.Qd2 Rbb8
23.Qh6 Qd6 24.Rad1 Qe5 25.Rfe1 Qg5 26.Qxg5 Rxg5 27.Rd2 a5 28.Bc2 h6 29.Red1 Rbg8
30.Bd3 h5 31.Bf1 h4 32.Kf2 d5 33.cxd5 exd5 34.Rc1 Kd6 35.Rdc2 d4 36.g3 hxg3+
37.hxg3 Rf5 38.Bd3 Ng4+ 39.Kg2 Ne3+ 40.Kf2 Rh5 41.g4 Re5 42.Re2 Rh8 43.Kg3 f6
44.Be4 Nd5 45.Rec2 Ne3 46.Re2 Re7 47.Rxe3 dxe3 48.Rd1+ Kc7 49.Re1 Rd8 50.Rxe3 Rd2
51.Rc3 Kb6 52.a4 Rd4 53.Kf4 Re5 54.Ke3 Rd1 55.Kf4 Rd2 56.Bd3 Kc6  1/2-1/2

[Event "Open des Vins"]
[Site "FRA"]
[Date "1999.??.??"]
[Round "2"]
[White "Machenski, Jerome"]
[Black "Vasilescu, Lucian"]
[Result "0-1"]
[WhiteElo "2045"]
[BlackElo "2390"]

1.e4 c5 2.Nf3 Nc6 3.d4 cxd4 4.Nxd4 Qc7 5.Nc3 e6 6.Be2 a6 7.O-O Nf6 8.Be3 Bb4
9.Nxc6 bxc6 10.Na4 O-O 11.Nb6 Rb8 12.Nxc8 Rfxc8 13.Bxa6 Rd8 14.Bd3 Bd6 15.f4 e5
16.f5 Rxb2 17.g4 h6 18.Qf3 Be7 19.h4 d5 20.g5 dxe4 21.Bxe4 Nxe4 22.Qxe4 Qd6
23.f6 gxf6 24.g6 Rb4 25.gxf7+ Kg7 26.Qg2+ Kxf7 27.h5 Rg8  0-1

[Event "NRW-Liga I 9899"]
[Site "GER"]
[Date "1999.??.??"]
[Round "6"]
[White "Krug, Georg"]
[Black "Kos, Sebastian"]
[Result "1-0"]
[WhiteElo "2030"]
[BlackElo "2215"]

1.e4 c5 2.Nf3 Nc6 3.d4 cxd4 4.Nxd4 Qb6 5.Nb3 Nf6 6.Nc3 e6 7.Be3 Qc7 8.Bd3 Bb4
9.O-O Bxc3 10.bxc3 d6 11.f4 b5 12.Qf3 Bb7 13.a4 bxa4 14.Rxa4 O-O 15.Qh3 a5
16.Qh4 Ba6 17.c4 Bc8 18.c5 d5 19.e5 Ne4 20.Rf3 f5 21.Rh3 h6 22.g4 Bd7 23.g5 Qd8
24.Bxe4 fxe4 25.Qg3 Kh7 26.gxh6 gxh6 27.f5  1-0

[Event "DDMM (Women)"]
[Site "Germany"]
[Date "1999.??.??"]
[Round "3.3"]
[White "Ludwig, Kristin"]
[Black "Klawonn, Malin"]
[Result "1-0"]
[WhiteElo "2045"]
[BlackElo "1950"]

1.e4 c5 2.Nf3 Nc6 3.d4 cxd4 4.Nxd4 Qc7 5.Nc3 e6 6.a3 a6 7.Be2 Nf6 8.O-O Be7
9.Be3 O-O 10.Qd2 d6 11.Rfd1 Na5 12.f3 Nc4 13.Bxc4 Qxc4 14.Qf2 b5 15.Nb3 Nd7
16.a4 b4 17.Rd4 Qc7 18.Rxb4 d5 19.Rd4 Bf6 20.Rdd1 Bxc3 21.bxc3 dxe4 22.fxe4 Nf6
23.Bb6 Qb8 24.a5 Nxe4 25.Qh4 Bb7 26.Rd3 f5 27.Rad1 Qe8 28.Rd7 Bd5 29.Re7 Qg6
30.c4 Ng5 31.Nd2 Bxc4 32.Qxc4 Rf6 33.Qc6 Raf8 34.Nf3 Nh3+ 35.Kh1 Nf4 36.Ne5 Qh5
37.Qf3 Qh6 38.Be3 g5 39.Bxf4 gxf4 40.Rdd7 Qh4 41.Rg7+ Kh8 42.Rxh7+ Qxh7 43.Rxh7+ Kxh7
44.Nd7 Kg7 45.Qxf4 Rd8 46.Qg5+  1-0

[Event "DDMM (Women)"]
[Site "Germany"]
[Date "1999.??.??"]
[Round "5.3"]
[White "Balcerak, Magdalena"]
[Black "Klawonn, Malin"]
[Result "0-1"]
[WhiteElo "1745"]
[BlackElo "1950"]

1.e4 c5 2.Nf3 Nc6 3.d4 cxd4 4.Nxd4 Qc7 5.Nc3 e6 6.Be2 a6 7.Be3 Nf6 8.f4 d6
9.O-O Be7 10.Qe1 O-O 11.Qg3 Nxd4 12.Bxd4 b5 13.Bf3 Bb7 14.e5 dxe5 15.Bxe5 Qb6+
16.Kh1 Rfd8 17.Rad1 Ne8 18.Ne2 Bxf3 19.Qxf3 Nd6 20.Rd3 Nc4 21.Bd4 Qc7 22.b3 Nd6
23.Rfd1 Rab8 24.Rc3 Qa5 25.Rc6 Nf5 26.Qf2 b4 27.Rd3 Nxd4 28.Rxd4 Rxd4 29.Qxd4 Rd8
30.Qa7 Bf6 31.h3 Qxa2 32.Qb6 g6 33.Qxb4 a5 34.Qc5 Qa1+ 35.Kh2 Qf1 36.Qe3 Rd1
37.Kg3 Re1 38.Qf2 Bh4+  0-1

[Event "GER-ch U20 int"]
[Site "Hamburg"]
[Date "1999.??.??"]
[Round "2"]
[White "Kritz, Leonid"]
[Black "Langrock, Hannes"]
[Result "0-1"]
[WhiteElo "2266"]
[BlackElo "2135"]

1.e4 c5 2.Nf3 Nc6 3.d4 cxd4 4.Nxd4 Qc7 5.Nb5 Qb8 6.c4 Nf6 7.N5c3 e6 8.Be3 Be7
9.Be2 O-O 10.O-O b6 11.a3 Bb7 12.f4 d6 13.Nd2 Rd8 14.Bf3 Qc7 15.Rc1 Rac8
16.b4 Qb8 17.g4 Qa8 18.g5 Ne8 19.Bg2 Nb8 20.Qg4 Nd7 21.Bd4 f5 22.gxf6 Bxf6
23.Qxe6+ Kh8 24.Bxf6 Nexf6 25.Nd5 Re8 26.Qh3 b5 27.Qd3 bxc4 28.Nxc4 Nxd5
29.exd5 Ba6 30.Qh3 Bxc4 31.Qxd7 Bxf1 32.Rxf1 Qb8 33.Qf5 Qb6+ 34.Kh1 Qe3 35.a4 Rc1
36.Qd7 Rec8 37.Qxd6 Qe2 38.Kg1 R1c2  0-1

[Event "HUN-chT9899"]
[Site "HUN"]
[Date "1999.??.??"]
[Round "?"]
[White "Fogarasi, Tibor"]
[Black "Portisch, Lajos"]
[Result "0-1"]
[WhiteElo "2425"]
[BlackElo "2595"]

1.e4 c5 2.Nf3 Nc6 3.d4 cxd4 4.Nxd4 Qb6 5.Nb3 Nf6 6.Nc3 e6 7.Bd3 d6 8.Be3 Qc7
9.f4 Be7 10.Qf3 Nb4 11.O-O-O Nxd3+ 12.Rxd3 Bd7 13.g4 Rc8 14.Nd4 Bc6 15.f5 O-O
16.Nxc6 Qxc6 17.Qg2 Nd7 18.Bd4 Ne5 19.Bxe5 dxe5 20.Rf1 Bg5+ 21.Kb1 Rcd8 22.Rfd1 Rxd3
23.Rxd3 b5 24.a3 a5 25.Na2 h6 26.Rb3 Rd8 27.Nc3 Rb8 28.Qe2 b4 29.axb4 axb4
30.Na2 Qc5 31.Qe1 Be7 32.Rd3 Ra8 33.Nc1 Qa5 34.c3 Qa1+ 35.Kc2 Ra2  0-1

[Event "HUN-chT9899"]
[Site "HUN"]
[Date "1999.??.??"]
[Round "?"]
[White "Lakos, Nikoletta"]
[Black "Farkas, Gyula"]
[Result "1/2-1/2"]
[WhiteElo "2385"]
[BlackElo "2200"]

1.e4 c5 2.Nf3 Nc6 3.d4 cxd4 4.Nxd4 Qb6 5.Nb3 Nf6 6.Bd3 e6 7.Be3 Qc7 8.f4 d6
9.c4 Nb4 10.Nc3 Nxd3+ 11.Qxd3 Bd7 12.Rc1 a6 13.O-O Rc8 14.Nd2 Be7 15.b3 O-O
16.Nf3 Bc6 17.h3 Rfd8 18.Qb1 b6 19.Nd5 exd5 20.cxd5 Qb7 21.dxc6 Rxc6 22.e5 Rxc1
23.Rxc1 Nd7 24.b4 b5 25.exd6 Bxd6 26.Ng5 Nf8  1/2-1/2

[Event "HUN-chT29899"]
[Site "HUN"]
[Date "1999.??.??"]
[Round "?"]
[White "Veroci, Zsuzsa"]
[Black "Papp Z, Csaba"]
[Result "1-0"]
[WhiteElo "2315"]
[BlackElo "2350"]

1.e4 c5 2.Nf3 Nc6 3.d4 cxd4 4.Nxd4 Qb6 5.Nb3 Nf6 6.Nc3 e6 7.Bd3 Bb4 8.O-O O-O
9.Bg5 Be7 10.Kh1 Qc7 11.f4 d6 12.Qf3 a6 13.Rae1 Nd7 14.Bxe7 Nxe7 15.Qh3 e5
16.Nd5 Qd8 17.fxe5 dxe5 18.Qg3 Ng6 19.Rd1 Nb6 20.Ne3 Qh4 21.Qxh4 Nxh4 22.Nc5 Ng6
23.g3 Nd7 24.Nxd7 Bxd7 25.Bc4 Bc6 26.Bd5 Bxd5 27.Rxd5 Rfd8 28.Rfd1 Rxd5 29.Rxd5 Kf8
30.Rd7 b5 31.Nf5 Kg8 32.c3 h6 33.Kg2 Nh8 34.Kf3 Kh7 35.Ke3 Kg8 36.Ne7+ Kh7
37.Nd5 a5 38.Rb7 b4 39.cxb4 axb4 40.Nxb4 Rc8 41.a4 Ra8 42.b3 f6 43.Nd5 Ra6
44.Nc3 Kg6 45.b4 Nf7 46.Kd3 Ng5 47.a5 Nf3 48.h4 Ne1+ 49.Kc4 Nf3 50.Kb5 Ra8
51.a6 Rc8 52.a7 Nd4+ 53.Ka4 Nc6 54.Nd5 f5 55.exf5+ Kxf5 56.b5 Nxa7 57.Ne7+ Kf6
58.Nxc8 Nxc8 59.Rc7 Nb6+ 60.Ka5 Nd5 61.b6 Nxb6 62.Kxb6 g5 63.Rc6+ Kf5 64.Kc5 gxh4
65.gxh4 h5 66.Kd5  1-0

[Event "HUN-chT29899"]
[Site "HUN"]
[Date "1999.??.??"]
[Round "?"]
[White "Arato, Bela"]
[Black "Szekeres, Tibor"]
[Result "0-1"]
[WhiteElo "2080"]
[BlackElo "2210"]

1.e4 c5 2.Nf3 Nc6 3.d4 cxd4 4.Nxd4 Qc7 5.Nc3 e6 6.f4 a6 7.Be3 b5 8.e5 Bb4
9.Qd2 Nge7 10.a3 Bxc3 11.Qxc3 Nd5 12.Qd2 Nxe3 13.Qxe3 Bb7 14.O-O-O Rc8 15.Bd3 Na5
16.Kb1 Nc4 17.Bxc4 Qxc4 18.Rd2 Bd5 19.Nb3 a5 20.Qd3 Qxf4 21.Qxb5 O-O 22.Rxd5 exd5
23.Qxd5 a4 24.Nc5 Qf2 25.Nxd7 Rxc2 26.Qb5 Rfc8 27.Nb6 Rb8 28.e6 Rxb2+ 29.Qxb2 Rxb6
30.exf7+ Kxf7  0-1

[Event "Kharkov"]
[Site "Kharkov"]
[Date "1999.??.??"]
[Round "4"]
[White "Zatonskih, Anna"]
[Black "Arzumanian, Georgy"]
[Result "1-0"]
[WhiteElo "2326"]
[BlackElo "2363"]

1.e4 c5 2.Nf3 Nc6 3.d4 cxd4 4.Nxd4 Qb6 5.Nb3 Nf6 6.Nc3 e6 7.a3 Be7 8.Be3 Qc7
9.f4 d6 10.Be2 a6 11.Bf3 O-O 12.O-O Nd7 13.Qe1 b5 14.Rd1 Rb8 15.Kh1 Nb6 16.Nd4 Bd7
17.b3 Bf6 18.Ncxb5 axb5 19.Nxb5 Qc8 20.Nxd6 Qa6 21.c4 e5 22.Nb5 Rfd8 23.f5 Nd4
24.Nxd4 exd4 25.Bf4 Qxa3 26.Qg3 Rbc8 27.Bd6 Qxb3 28.e5 Bh4 29.Qxh4 Nxc4 30.Bd5 Qb5
31.Bxc4 Qxc4 32.f6 Qc2 33.Rxd4 Qf5 34.Rdf4 Qd3 35.R4f3 Qc2 36.Rg3 Kh8 37.Rxg7 Rg8
38.h3 Bc6 39.Qg3 Bd5 40.Rf2 Qb1+ 41.Kh2 Be6 42.Rf4 Bf5 43.Qg5 Bg6 44.Qh6 Be4
45.Rfg4  1-0

[Event "Kiev-ch"]
[Site "Kiev"]
[Date "1999.??.??"]
[Round "6"]
[White "Strelnikov, Oleg"]
[Black "Mazurok, Alexey"]
[Result "1-0"]
[WhiteElo "2390"]
[BlackElo "2263"]

1.e4 c5 2.Nf3 Nc6 3.d4 cxd4 4.Nxd4 Qc7 5.Nc3 e6 6.Be2 a6 7.O-O Nf6 8.Be3 Bb4
9.Na4 Be7 10.Nxc6 bxc6 11.Nb6 Rb8 12.Nxc8 Qxc8 13.e5 Nd5 14.Bc1 Bc5 15.Qd3 O-O
16.c3 a5 17.Qc4 d6 18.Bd3 Qc7 19.a3 Ne7 20.Rd1 Qb6 21.exd6 Bxf2+ 22.Kh1 Nd5
23.Qe4 Nf6 24.Qe2 Bc5 25.Rf1 Nd7 26.Bc2 a4 27.Rf4 g6 28.Rxa4 Bxd6 29.Bh6 Qxb2
30.Rd1 Nc5 31.Rxd6 Nxa4 32.Qe5 Qxc3 33.Rd4 f6 34.Qxe6+ Kh8 35.Qe7 Rf7 36.Rd8+  1-0

[Event "EU-ch02 blind "]
[Site "Krynica"]
[Date "1999.??.??"]
[Round "4"]
[White "Beutelhoff, Ludwig"]
[Black "Konev, Viktor"]
[Result "0-1"]
[WhiteElo "1880"]
[BlackElo "1800"]

1.e4 c5 2.Nf3 Nc6 3.d4 cxd4 4.Nxd4 Qc7 5.Nc3 e6 6.a3 a6 7.Be3 Nf6 8.Be2 b5
9.O-O Bb7 10.Nxc6 Bxc6 11.f3 Bd6 12.h3 Nh5 13.Bd3 Bh2+  0-1

[Event "EU-ch02 blind "]
[Site "Krynica"]
[Date "1999.??.??"]
[Round "6"]
[White "Engl, Heinz"]
[Black "Krylov, Sergey"]
[Result "0-1"]
[WhiteElo "2130"]
[BlackElo "2340"]

1.e4 c5 2.Nf3 Nc6 3.d4 cxd4 4.Nxd4 Qb6 5.Nb3 Nf6 6.Nc3 e6 7.Bd3 a6 8.O-O d6
9.Bg5 Be7 10.Qe2 h6 11.Bh4 g5 12.Bg3 e5 13.Kh1 Be6 14.f3 Qc7 15.Bf2 Nb8 16.a4 Nbd7
17.a5 Rc8 18.Nd2 Nf8 19.Ra4 Ng6 20.Bb6 Qd7 21.Bc4 d5 22.Bb3 d4 23.Nd5 Nxd5
24.exd5 Bxd5 25.Re1 O-O 26.Ne4 Bxb3 27.cxb3 Nf4 28.Qd2 Qb5 29.Rc4 Qxb3 30.Rxc8 Rxc8
31.Qd1 Qxb2  0-1

[Event "Miskolc Avas op"]
[Site "Miskolc"]
[Date "1999.??.??"]
[Round "6"]
[White "Svoboda, Svatopluk"]
[Black "Boer, Levente"]
[Result "1-0"]
[WhiteElo "2150"]
[BlackElo "2170"]

1.e4 c5 2.Nf3 Nc6 3.d4 cxd4 4.Nxd4 Qc7 5.Nc3 e6 6.Be3 a6 7.Bd3 Nf6 8.O-O Bd6
9.g3 h5 10.Kg2 Ng4 11.Be2 Nxe3+ 12.fxe3 h4 13.Ndb5 axb5 14.Nxb5 Ra5 15.Nxc7+ Bxc7
16.c4 hxg3 17.hxg3 Rg5 18.Rh1 Rxg3+ 19.Kf2 Rgh3 20.Rxh3 Rxh3 21.Bf3 Ne5 22.Bg2 Rh2
23.Qe2 b5 24.cxb5 Bb7 25.Rh1 Rxg2+ 26.Kxg2 Bxe4+ 27.Kg1 g5 28.Rh8+ Ke7 29.Qh5 g4
30.b6 Nf3+ 31.Kf1 Be5 32.Rh7 Nh2+ 33.Ke2 Kd6 34.Qxf7 Bc6 35.b7 Bb5+ 36.Kd1 Kc6
37.Qf8 Kxb7 38.Qc5 Ba4+ 39.b3 g3 40.Qxe5  1-0

[Event "Fan Adams Int"]
[Site "New York "]
[Date "1999.??.??"]
[Round "1"]
[White "Ady, Jonathan James"]
[Black "Gustafsson, Jan"]
[Result "0-1"]
[WhiteElo "2410"]
[BlackElo "2415"]

1.e4 c5 2.Nf3 Nc6 3.d4 cxd4 4.Nxd4 Qc7 5.Nc3 e6 6.g3 a6 7.Bg2 Nf6 8.O-O Bc5
9.Nxc6 dxc6 10.Na4 Be7 11.e5 Nd7 12.f4 b5 13.Nc3 Bb7 14.Ne4 O-O 15.Be3 c5
16.Qg4 Rad8 17.Rad1 Bd5 18.b3 c4 19.Rf2 Qc6 20.Ng5 Bxg2 21.Rxg2 h6 22.Nh3 Bc5
23.Bxc5 Qxc5+ 24.Kh1 Nb6 25.Rgd2 Rxd2 26.Rxd2 Nd5 27.Nf2 cxb3 28.axb3 Ne3
29.Ne4 Qa3  0-1

[Event "Fan Adams Int"]
[Site "New York "]
[Date "1999.??.??"]
[Round "3"]
[White "Ady, Jonathan James"]
[Black "Gross, David2"]
[Result "1-0"]
[WhiteElo "2410"]
[BlackElo "2370"]

1.e4 c5 2.Nf3 Nc6 3.d4 cxd4 4.Nxd4 Qc7 5.Nc3 e6 6.Be2 a6 7.O-O Nf6 8.Kh1 Nxd4
9.Qxd4 Bc5 10.Qd3 b5 11.f4 Bb7 12.Bf3 h5 13.Be3 Bxe3 14.Qxe3 d6 15.Rad1 b4
16.Na4 O-O 17.Qd4 a5 18.Rfe1 Rad8 19.c4 e5 20.Qa7 Nd7 21.b3 Nc5 22.Qb6 Qxb6
23.Nxb6 exf4 24.Nd5 Rfe8 25.Nxf4 h4 26.Nd5 Re5 27.Kg1 Bxd5 28.Rxd5 Rxd5 29.exd5 Kf8
30.Rd1 Re8 31.Kf2 f5 32.g3 hxg3+ 33.hxg3 Kf7 34.g4 f4 35.Rh1 Re3 36.Kg2 Nd3
37.Bd1 Kf6 38.Rh8 Re1 39.Bf3 Ra1 40.Be4 Ne5 41.Rf8+ Kg5 42.c5 Kxg4 43.c6 Rxa2+
44.Kf1 Ra1+ 45.Ke2 Rc1 46.Rf5 a4 47.Kd2 Rc5 48.Rxe5 dxe5 49.d6 a3 50.d7 a2
51.d8=Q a1=Q 52.Qd7+ Kh4 53.Qe7+ g5 54.Qxc5 Qb2+ 55.Bc2 e4 56.c7 e3+ 57.Kd3  1-0

[Event "Fan Adams Int"]
[Site "New York "]
[Date "1999.??.??"]
[Round "4"]
[White "Shahade, Gregory"]
[Black "Gross, David2"]
[Result "1/2-1/2"]
[WhiteElo "2385"]
[BlackElo "2370"]

1.e4 c5 2.Nf3 Nc6 3.d4 cxd4 4.Nxd4 Qc7 5.Nc3 e6 6.Be2 a6 7.O-O Nf6 8.Kh1 Nxd4
9.Qxd4 Bc5 10.Qd3 b5 11.Bg5 Bb7 12.f4 b4 13.e5 Nd5 14.Nxd5 Bxd5 15.Bf3 Bxf3
16.Qxf3 Qc6 17.Qg3 Qe4 18.Bh4 O-O 19.Rae1 Qf5 20.Qb3 d5 21.exd6 Bxd6 22.Rd1 Bc5
23.c3 bxc3 24.Qxc3 Rfb8 25.b3  1/2-1/2

[Event "GER-ch U16 Girls"]
[Site "Oberhof"]
[Date "1999.??.??"]
[Round "?"]
[White "Gorka, Christiane"]
[Black "Helm, Leonie"]
[Result "1-0"]
[WhiteElo "1675"]
[BlackElo "1980"]

1.e4 c5 2.Nf3 Nc6 3.d4 cxd4 4.Nxd4 Qc7 5.Nc3 e6 6.g3 a6 7.Bg2 Nf6 8.O-O Nxd4
9.Qxd4 Bc5 10.Bf4 d6 11.Qd2 h6 12.Rad1 e5 13.Be3 Ke7 14.f4 Be6 15.Kh1 Ng4
16.Bxc5 Qxc5 17.f5 Bc4 18.Rf3 Nf6 19.b3 Bb5 20.Nxb5 axb5 21.Rc3 Qb6 22.Rd3 Rhd8
23.c3 Ra6 24.Qe2 h5 25.h3 Qc5 26.Bf3 Rda8 27.R1d2 Qa7 28.g4 hxg4 29.hxg4 Rxa2
30.Rxd6 Ra1+ 31.Rd1 Rxd1+ 32.Rxd1 Qc5 33.g5 Nd7 34.Qd3 Nb6 35.f6+ gxf6 36.gxf6+ Ke8
37.Be2 Kf8 38.Qg3 Ke8 39.Qg8+ Qf8 40.Bxb5+  1-0

[Event "Sevilla op"]
[Site "Sevilla"]
[Date "1999.??.??"]
[Round "1"]
[White "Bordons, C."]
[Black "Pogorelov, Ruslan"]
[Result "0-1"]
[WhiteElo "1915"]
[BlackElo "2450"]

1.e4 c5 2.Nf3 Nc6 3.d4 cxd4 4.Nxd4 Qc7 5.Be2 Nf6 6.f3 e6 7.Nxc6 bxc6 8.Be3 Rb8
9.b3 d5 10.exd5 cxd5 11.c4 Bd6 12.g3 dxc4 13.Bxc4 Be5 14.Bd4 O-O 15.f4 Bxd4
16.Qxd4 Rd8 17.Qe3 Bb7 18.Rg1 Ng4 19.Qe2 Qb6 20.Rf1 Ne3 21.Rf2 Rd1+  0-1